Al pie del Benacantil (Record no. 141916)

MARC details
000 -LEADER
campo de control de longitud fija 00598nam a2200169 i 4500
001 - NÚMERO DE CONTROL
campo de control 141916
003 - IDENTIFICADOR DE NÚMERO DE CONTROL
campo de control ES-MaACL
007 - CAMPO FIJO DE DESCRIPCIÓN FÍSICA--INFORMACIÓN GENERAL
campo de control de longitud fija t|
008 - DATOS DE LONGITUD FIJA--INFORMACIÓN GENERAL
campo de control de longitud fija 071001s1953 sp ||||1| spa d
100 1# - ENTRADA PRINCIPAL--NOMBRE DE PERSONA
Nombre de persona Viñes, Víctor.
9 (RLIN) 115392
245 10 - MENCIÓN DEL TÍTULO
Título Al pie del Benacantil
Resto del título : (costumbres, tradiciones y retazos de historia de Alicante) /
Mención de responsabilidad, etc. Víctor Viñes ; prólogo de... Luis Pérez Bueno.
260 ## - PUBLICACIÓN, DISTRIBUCIÓN, ETC.
Lugar de publicación, distribución, etc. [Alicante :
Nombre del editor, distribuidor, etc. s.n.],
Fecha de publicación, distribución, etc. 1953 (
Fabricante Imp. Sucs. Such y Serra)
300 ## - DESCRIPCIÓN FÍSICA
Extensión 198 p. ;
Dimensiones 22 cm.
651 #4 - PUNTO DE ACCESO ADICIONAL DE MATERIA--NOMBRE GEOGRÁFICO
Nombre geográfico Alicante-
Subdivisión general Historia.
9 (RLIN) 7681
700 1# - ENTRADA AGREGADA--NOMBRE PERSONAL
Nombre de persona Pérez Bueno, Luis.
9 (RLIN) 90681
852 ## - LOCALIZACIÓN
Ubicación ES-MaACL
Número de control de estantería C-6212
Sublocalización o colección R.35145
Holdings
Estatus retirado Estado de pérdida Estado de daño No para préstamo Biblioteca de origen Biblioteca actual Ubicación en estantería Fecha de adquisición Fuente de adquisición Total de préstamos Signatura topográfica completa Código de barras Visto por última vez Precio de reemplazo Tipo de ítem Koha
        Biblioteca del Ateneo de Madrid Biblioteca del Ateneo de Madrid Sala Palomar 17/01/2008     C-6212 1147666 23/02/2023 23/02/2023 Libro impreso